| 000 | 00805nam a22002653 4500 | ||
|---|---|---|---|
| 001 | 19809 | ||
| 003 | BD-RjUL | ||
| 005 | 20211209000500.0 | ||
| 008 | 140225r19521912enk 000 1 d | ||
| 035 | _a(OCoLC)670087134 | ||
| 035 | _a(BD-RjUL)19870 | ||
| 040 |
_aLC _beng _cLC _dBD-RjUL |
||
| 041 | _aeng | ||
| 082 | 0 | 4 |
_a822.082 _bGOL 1952 |
| 245 | 1 | 0 |
_aGoldsmith : _bShe stoops to conquer / _ced. by G.A.M.F. Chatwin |
| 260 |
_aLondon : _bOxford, _c1912 [reprinted 1952]. |
||
| 300 |
_axiv, 100 p. ; _b19 cm. |
||
| 650 | 0 |
_aEnglish drama (Comedy) _960853 |
|
| 650 | 0 |
_aElectronic books. _9322 |
|
| 650 | 0 |
_aEnglish literature. _960854 |
|
| 690 | 0 | 0 |
_aEnglish drama _y1701-1800 _xWorks _2pre20 _923 |
| 700 | 1 |
_aChatwin, Greville Augustus F.M. _960855 |
|
| 942 |
_2ddc _cBK |
||
| 999 |
_c19809 _d19809 |
||